|
|
|
|
| LEADER |
00000cam a2200000 a 4500 |
| 001 |
vtls001066894 |
| 003 |
SK-MaSNL |
| 005 |
20260301061913.0 |
| 008 |
240226s1991 xo dl f n p 000 0 slo |
| 015 |
|
|
|a SNBA1992/02
|
| 020 |
|
|
|a 8005007566
|
| 035 |
|
|
|a SNK000009724
|
| 035 |
|
|
|a urn:nbn:sk:snk-amke4r
|
| 035 |
|
|
|a urn:nbn:sk:snk-am003t8l
|
| 035 |
|
|
|a 1C958810-BD18-4B47-A0E3-11B4A9526996
|
| 040 |
|
|
|a SNK
|b slo
|c SNK
|e AACR2
|
| 041 |
0 |
|
|a slo
|
| 044 |
|
|
|a xo
|c SK
|
| 080 |
|
|
|a 621.03+531.3(075.8)
|2 1981
|
| 080 |
|
|
|a 531.3(075.8)
|2 1981
|
| 080 |
|
|
|a (075.8)
|2 2011
|
| 080 |
|
|
|a 62-1/-9
|2 2011
|
| 080 |
|
|
|a 531.8
|2 2011
|
| 100 |
1 |
|
|a Stradiot, Juraj
|4 aut
|9 5201
|
| 245 |
1 |
0 |
|a Dynamika strojov
|c Juraj Stradiot ... [et al.]
|
| 250 |
|
|
|a 1. vydanie
|
| 260 |
|
|
|a Bratislava
|b Alfa
|c 1991
|e Bratislava
|f Svornosť
|
| 300 |
|
|
|a 480 strán
|b grafy, schémy, tabuľky
|c 23 cm
|
| 490 |
1 |
|
|a Edícia strojárskej literatúry
|
| 504 |
|
|
|a Obsahuje bibliografiu
|
| 650 |
0 |
7 |
|a stroje
|2 SNKPH
|9 3551
|
| 650 |
0 |
7 |
|a dynamika strojov
|2 SNKPH
|9 80489
|
| 655 |
|
7 |
|a učebnice vysokých škôl
|2 SNKPH
|9 70191
|
| 700 |
1 |
|
|a Michalíček, Milan
|4 aut
|9 41712
|
| 700 |
1 |
|
|a Mudrik, Jozef,
|d 1946-
|4 aut
|9 206387
|
| 700 |
1 |
|
|a Slavkovský, Ján,
|d 1941-
|4 aut
|9 211231
|
| 700 |
1 |
|
|a Záhorec, Ondrej,
|d 1939-
|4 aut
|9 219114
|
| 700 |
1 |
|
|a Žiaran, Stanislav,
|d 1948-
|4 aut
|9 219147
|
| 830 |
|
0 |
|a Edícia strojárskej literatúry
|9 266612
|
| 919 |
|
|
|a 80-05-00756-6
|
| 958 |
|
|
|a TL
|
| 958 |
|
|
|a NB
|
| 958 |
|
|
|a UV
|
| 999 |
|
|
|c 618721
|d 620651
|
| 952 |
|
|
|t P60, <04>, [BOOK], {604}
|a SNK
|b SNK
|y VYP
|7 0
|p 17A0133034
|o snkSC 80825 D1
|0 0
|1 0
|4 0
|d 1999-10-09
|f 1
|l 0
|r 2004-12-31 00:00:00
|w 2026-02-23
|
| 952 |
|
|
|a SNK
|b SNK
|y PREZ
|7 0
|p 17A0994501
|o snkSC 80825
|0 0
|1 0
|4 0
|d 2012-08-13
|l 0
|r 2025-08-12 00:00:00
|w 2026-02-23
|